L'inséparabilité entre le contrat et le sacrement de mariage: la discussion apres le Concile Vatican II
Tallennettuna:
| Päätekijä: | |
|---|---|
| Aineistotyyppi: | Kirja |
| Kieli: | ranska |
| Julkaistu: |
Roma
Pontificia Universita Gregoriana
1987
|
| Sarja: | Analecta Gregoriana, 245
|
| Aiheet: | |
| Tagit: |
Lisää tagi
Ei tageja, Lisää ensimmäinen tagi!
|
MARC
| LEADER | 00000nam a2200000 a 4500 | ||
|---|---|---|---|
| 001 | UCV3198 | ||
| 003 | CL-VaPUC | ||
| 008 | 930429e19870000IT |||||||||||||||||fre|d | ||
| 082 | 0 | 4 | |a 262.94 |b BAU |2 21 |
| 100 | 0 | |a Baudot, Denis |e author |9 297455 | |
| 245 | 1 | 2 | |a L'inséparabilité entre le contrat et le sacrement de mariage: la discussion apres le Concile Vatican II |
| 300 | |a 296 p | ||
| 942 | |c BK | ||
| 945 | |d 19930429 00:00:00 | ||
| 260 | |a Roma |b Pontificia Universita Gregoriana |c 1987 | ||
| 650 | 7 | |a MATRIMONIO E IGLESIA CATOLICA |2 CL-VaPUC |9 297456 | |
| 650 | 7 | |a MATRIMONIO |2 CL-VaPUC |9 297457 | |
| 650 | 7 | |a DERECHO CANONICO |2 CL-VaPUC |9 297458 | |
| 650 | 7 | |a IMPEDIMENTOS DE MATRIMONIO |2 CL-VaPUC |9 258751 | |
| 583 | |a last modification |c 19930429 00:00:00 |k Rodrigo Vera | ||
| 490 | 0 | |a Analecta Gregoriana, 245 | |
| 999 | |c 210502 |d 210500 | ||
| 952 | |0 0 |1 0 |4 0 |6 262_940000000000000_BAU_1987 |7 0 |8 A |9 186803 |a BIBDER |b BIBDER |d 2019-11-14 |i 254413K |o 262.94 BAU 1987 |p 254413K |r 2023-01-25 |w 2019-11-14 |y BK |k DER | ||